Detalles MARC
| 000 -LIDER |
| fixed length control field |
00899cam a22002771 4500 |
| 001 - NÚMERO DE CONTROL |
| Identificador de número de control |
|
| 003 - IDENTIFICACDOR DE NÚMERO DE CONTROL |
| control field |
DO-SdBNP |
| 005 - DATE AND TIME OF LATEST TRANSACTION |
| control field |
20211117122211.0 |
| 008 - ELEMENTOS DE LONGITUD FIJA |
| fixed length control field |
940531s1969 sp c 000 0 spa |
| 010 ## - NUMERO DE CONTROL DE BIBLIOTECA DEL CONGRESO |
| LC control number |
|
| 040 ## - FUENTE DE CATALOGACIÓN |
| Agencia que crea de manera original el registro |
BPMSU |
| Idioma de catalogación |
spa |
| Agencia que realiza la transcripción |
BPMSU |
| Agencia que realiza la modificación |
|
| -- |
|
| 041 1# - CÓDIGOS DE OBRAS TRADUCIDAS O EN VARIOS IDIOMAS |
| Código del idioma del texto/archivo de sonido o separata |
spa |
| Cód. del idioma original y/o traducciones intermedias del texto |
rus |
| 082 ## - NÚMERO DE CLASIFICACIÓN DECIMAL DE DEWEY |
| Classification number |
891.73 |
| Item number |
D724h 1969 |
| Edition number |
22 |
| 100 1# - ASIENTO PRINCIPAL -- NOMBRE PERSONAL |
| Nombre personal |
Dostoievski, Fedor Mijailovich, |
| Fechas asociadas con el nombre |
1821-1881. |
| 245 14 - MENCIÓN DE TITULO |
| Título |
Los hermanos Karamazov / |
| Mención de responsabilidad |
Fedor Mijailovich Dostoievski ; Traducción José Laín Entralgo |
| Subtítulo |
|
| 260 ## - PUBLICACIÓN, DISTRIBUCIÓN, ETC. (PIE DE IMPRENTA) |
| Lugar de publicación, distribución, etc |
Barcelona : |
| Nombre del editor, distribuidor, etc. |
Círculos de Lectores, |
| Fecha de publicación, distribución, etc |
1969 |
| 300 ## - DESCRIPCIÓN FÍSICA |
| Extensión |
1106 p. ; |
| Dimensiones |
20 cm. |
| Otros detalles físicos |
|
| 490 0# - MENCIÓN DE SERIES |
| Mención de serie |
Clásicos de la literatura universal |
| Volume/sequential designation |
2 |
| 500 ## - NOTA GENERAL |
| Nota general |
At head of title: Fedor Dostolewski. Obras completas. |
| 534 ## - NOTA SOBRE LA VERSIÓN ORIGINAL |
| Asiento principal del original |
Título original ruso, Brat ya Karamazovy |
| 648 ## - SUBJECT ADDED ENTRY--CHRONOLOGICAL TERM |
| Chronological term |
|
| 650 #4 - ENCABEZAMIENTO DE MATERIA--TEMÁTICO |
| Término temático o nombre geográfico como elemento de entrada |
Novela rusa. |
| 700 1# - ASIENTO SECUNDARIO -- NOMBRE PERSONAL |
| Nombre personal |
Entralgo, José Laín |
| Mención de responsabilidad |
tr. |
| Fechas asociadas con el nombre |
|
| Título de una obra |
|
| 910 ## - VALIDACIÓN |
| Validación |
VMateo V. |
| 942 ## - ADDED ENTRY ELEMENTS (KOHA) |
| Source of classification or shelving scheme |
Dewey Decimal Classification |
| Koha item type |
Libros |